000 01103cam a2200325Ka 4500
001 8334432
003 ARRUPE
005 20161026120839.0
006 m d
007 cr bn||||||abp
007 cr bn||||||ada
008 100311s1914 mau o 000 0 eng d
035 _a(OCoLC)ocn551400935
035 _a(OCoLC)551400935
040 _aOCLCE
_beng
_cOCLCE
_dOCLCQ
049 _aZCUA
050 4 _aPT2295.A7
082 0 4 _a832
100 1 _aHebbel, Friedrich,
_d1813-1863.
_927014
245 1 0 _aMaria Magdalena. Agnes Bernauer
_cby Friedrich Hebbel ;
260 _aMunchen:
_bWilhelm Goldmann Verlag,
300 _a151p.;
_c19cm.
490 0 _aPoet lore ;
_vv. 25, no. 2, spring 1914
500 _a2 Plays: Maria Magdalena . Agnes Bernauer
506 _3Use copy
_fRestrictions unspecified
_2star
_5MiAaHDL
700 1 _aGreen, Paula.
_tChristian Friedrich Hebbel.
_927015
700 1 _aGhose, Girish C.
_tChintamini.
_927016
776 0 8 _iPrint version:
_aHebbel, Friedrich, 1813-1863.
_tMaria Magdalena.
_dBoston : R.G. Badger, c1914
_w(OCoLC)7607531
942 _2lcc
_cMONOGRAPH
999 _c125581
_d125581